000
00335nam a2200133 a 4500
001
4136
005
20140414131927.0
008
090217s19uu xx 00 eng d
050
_a
ER
_b
P96 1998
245
_a
Puss in boots.
260
_a
Leicestershire, UK :
_b
Ladybird,
_c
1998.
440
_a
Read it yourself, level 3
999
_c
112069
_d
112069